Julio Escámez: pintura, dibujo y grabados (Record no. 1797)

MARC details
000 -LEADER
campo de control de longitud fija 00472nam a22001337a 4500
008 - DATOS DE LONGITUD FIJA--INFORMACIÓN GENERAL
campo de control de longitud fija 190601b xxu||||| |||| 00| 0 eng d
020 ## - NÚMERO INTERNACIONAL ESTÁNDAR DEL LIBRO
Número Internacional Estándar del Libro 977998515
082 ## - NÚMERO DE LA CLASIFICACIÓN DECIMAL DEWEY
Número de clasificación 750
Número de ítem ES74j
100 ## - ENTRADA PRINCIPAL--NOMBRE DE PERSONA
Nombre de persona Escámez Carrasco, Julio
9 (RLIN) 7061
245 ## - MENCIÓN DEL TÍTULO
Título Julio Escámez: pintura, dibujo y grabados
260 ## - PUBLICACIÓN, DISTRIBUCIÓN, ETC.
Lugar de publicación, distribución, etc. San José, Costa Rica
Nombre del editor, distribuidor, etc. Nuestra Tierra
Fecha de publicación, distribución, etc. 1996
300 ## - DESCRIPCIÓN FÍSICA
Extensión 184 p.
Otras características físicas il (col).
Dimensiones 27 x 30 cm.
650 ## - PUNTO DE ACCESO ADICIONAL DE MATERIA--TÉRMINO DE MATERIA
Fuente del encabezamiento o término Arte contemporáneo
Subdivisión de forma Arte - exhibiciones
Subdivisión general Arte - pintura
Subdivisión geográfica Arte - Costa Rica
9 (RLIN) 7062
Holdings
Estatus retirado Estado de pérdida Fuente del sistema de clasificación o colocación Estado de daño No para préstamo Biblioteca de origen Biblioteca actual Ubicación en estantería Fecha de adquisición Total de préstamos Signatura topográfica completa Código de barras Visto por última vez Precio de reemplazo Tipo de ítem Koha
    Clasificación Decimal Dewey     Biblioteca LadoV Biblioteca LadoV   01/06/2019   750 ES74j 004790 01/06/2019 01/06/2019 Material 01